BIBLIOTECA

SENCICO

Ergonomia 4. El trabajo en oficinas (Registro nro. 1440)

Detalles MARC
000 -LEADER
fixed length control field 00995nam a2200265Ia 4500
005 - DATE AND TIME OF LATEST TRANSACTION
control field 20251020182511.0
008 - FIXED-LENGTH DATA ELEMENTS--GENERAL INFORMATION
fixed length control field 200515s9999 xx 000 0 und d
020 ## - INTERNATIONAL STANDARD BOOK NUMBER
International Standard Book Number 970-15-0782-7
082 ## - DEWEY DECIMAL CLASSIFICATION NUMBER
Classification number 651.4/M77/4
100 ## - MAIN ENTRY--PERSONAL NAME
Personal name Gregori, Enrique
100 ## - MAIN ENTRY--PERSONAL NAME
Personal name Mondelo, Pedro R.
100 ## - MAIN ENTRY--PERSONAL NAME
Personal name Pedro González, Óscar de [et al.]
245 #0 - TITLE STATEMENT
Title Ergonomia 4. El trabajo en oficinas
260 ## - PUBLICATION, DISTRIBUTION, ETC.
Place of publication, distribution, etc. México, D.F.
260 ## - PUBLICATION, DISTRIBUTION, ETC.
Name of publisher, distributor, etc. Alfaomega Grupo Editor, S.A. de C.V. ; Edicions UPC, S.L. ; Universitat Politècnica de Catalunya
260 ## - PUBLICATION, DISTRIBUTION, ETC.
Date of publication, distribution, etc. 2008
300 ## - PHYSICAL DESCRIPTION
Extent 328 p.
300 ## - PHYSICAL DESCRIPTION
Other physical details il., tbl., graf.
500 ## - GENERAL NOTE
General note 1 ejemplar
520 ## - SUMMARY, ETC.
Summary, etc. Realiza un recorrido por la aplicación de la ergonomía en este tipo de ámbitos; desde el buen uso y adapatación de monitores y pantallas de visualización de datos, pasando por las medidas y diseño del mobiliario hasta las características del ambiente sono
650 ## - SUBJECT ADDED ENTRY--TOPICAL TERM
Topical term or geographic name entry element ERGONOMIA
650 ## - SUBJECT ADDED ENTRY--TOPICAL TERM
Topical term or geographic name entry element TRABAJO EN OFICINAS
942 ## - ADDED ENTRY ELEMENTS (KOHA)
Koha item type Libros
Existencias
Fecha de la última vez que lo usaron Pago total Signatura topográfica completa Código de barras Precio efectivo desde Tipo de documento Estado perdido Estado dañado No es para préstamo Retirado Ubicación permanente Ubicación actual Fecha de adquisición
15/05/2020   651.4/M77/4 Bib-Lima15051440 15/05/2020 Libros         Biblioteca Central Lima Biblioteca Central Lima 15/05/2020